Malos tiempos para Drácula /

Guardado en:
Autor Principal: Morhain, Jorge Claudio.
Otros Autores: Lozupone, María Delia; il.
Formato: Libro
Idioma:Undetermined
Publicado: Buenos Aires : Libros del Quirquincho : Página/12, 1996.
Edición:1a ed.
Series:Letra negra ; 2
Materias:
Etiquetas: Agregar Etiqueta
Sin Etiquetas, Sea el primero en etiquetar este registro!
LEADER 00708nam a22002055a 4500
001 CEM.cems024302
008 240902s1996####ag############000#0#und#d
005 20240902154502.0
245 1 0 |a Malos tiempos para Drácula /  |c Jorge Claudio Morhain ; dibujos de María Delia Lozupone. 
250 |a 1a ed. 
260 |a Buenos Aires :  |b Libros del Quirquincho :  |b Página/12,  |c 1996. 
300 |a 64 p. 
490 1 |a Letra negra ;  |v 2 
020 |a 9879015886 
100 1 |a Morhain, Jorge Claudio. 
700 1 |a Lozupone, María Delia; il. 
653 |a Literatura argentina 
653 |a Literatura infantil y juvenil 
653 |a Narrativa argentina 
859 |a CEMS  |b BIB. CEMS - Inicial y Primaria  |h A863.4  |i M853  |k IP  |p 2377  |t Ej.1